000 02638nam a2200301Ia 4500
001 9910
003 OSt
005 20260408152408.0
008 211022s9999 xx 000 0 und d
010 _a 76931359
020 _a9782080305244
020 _a2080305247
040 _cMLA
082 _a709.44 MIL
_223
_b9910
100 _aMillet, Catherine
245 0 _aContemporary Art in France :
_cby Catherine Millet
260 _aParis
260 _bFlammarion Publisher
260 _c2005
300 _a 383 pages :
_billustrations (chiefly color) ;
_c26 cm
500 _aOriginally published: Paris : Flammarion, 1987, in French with title: L'art contemporain en France
505 _aI: At last, the museum appropriates an object that remains elusive II: The work of art in the greater scheme of things III: The artist in the world IV: The definition of the work of art V: From "everything is art" to everything is deceptive VI: Beyond the avant-gardes and back again VII: The society of the museum VIII: Virtual works in a fragmented artistic field IX: The triumph of contemporary art?
520 _aAvailable for the first time in English, an anecdotal review of the artistic movements that have taken place in France throughout the past four decades places key trends against a backdrop of the social and cultural changes that have occurred both within the country and internationally. A comprehensive review of the artistic movements that have taken place in France from the 1960s to the present, this study benefits from the anecdotes and personal memories of its author, Catherine Millet. The internationally respected art critic, who was herself an active participant in these movements, breathes life into this factual chronology of the contemporary art scene in France. She exposes the often unexpected links between movements by underscoring their contradictions and taking into consideration the social and cultural changes that have occurred since the 1960s in France and across the globe. An extensive reference, this book provides the keys to understanding the international contemporary art scene as a whole. Contemporary Art in France serves as an historical essay, offering a profound analysis of the prevailing tendencies and characteristics of art of the past forty years. Available for the first time in English, the book is completed by a chronology of events, a thorough account of the latest creative developments, and more than 300 illustrations.
650 _aArt, French
_y20th century
_y21st century
650 _aMuseums
_vsociety
650 _acontemporary art
942 _cBK
_2ddc
_n0
999 _c9736
_d9736